QUEST Central Library Banner

Students' role in the pakistan movement / (Record no. 13010)

MARC details
000 -LEADER
fixed length control field 00529nam a2200133 a 4500
100 1# - MAIN ENTRY--AUTHOR NAME
Personal name Zaman, Mukhtar Khurshid, Abdus Salam. ; Mehkari, M. A.
245 10 - TITLE STATEMENT
Title Students' role in the pakistan movement /
260 ## - PUBLICATION, DISTRIBUTION, ETC. (IMPRINT)
Place of publication [S.l.] :
Name of publisher Quaid-i-Azam Academy,
Year of publication 1978.
300 ## - PHYSICAL DESCRIPTION
Number of Pages 1 v. (unpaged)
856 40 - ELECTRONIC LOCATION AND ACCESS
Uniform Resource Identifier http://www.amazon.com/exec/obidos/ASIN/B007F7KKBA/chopaconline-20
Holdings
Withdrawn status Lost status Home library Current library Date acquired Cost, normal purchase price Full call number Accession Number Koha item type
    Central Library, QUEST, Nawabshah Book Bank Section 13/04/2015 45.00 954.7ZAM 1544 Books

Copyright © 2018,The QUEST, Nawabshah, Shaheed Benazirabad. All rights reserved
Mr. G. Farooq Channar (Librarian) QUEST, Nawabshah, Sindh, Pakistan 67480.
 Ph#: |   0244-9370381-4 Ext. 2308   Email| lib@quest.edu.pk   Web|  http://www.quest.edu.pk